CompTIA Network+ 1 - Statistics

General Stats
  • This quiz has been taken 28 times
  • The average score is 4 of 22
Answer Stats
Hint Answer % Correct
ARP Address Resolution Protocol
73%
ACL Access Control List
67%
AP Access Point
60%
AES Advanced Encryption Standard
40%
BGP Border Gateway Protocol
40%
AUP Acceptable Use Policy
20%
ADSL Asymmetric Digital Subscriber Line
20%
APIPA Automatic Private Internet Protocol Addressing
20%
AH Authentication Header
13%
AS Autonomous System
13%
APT Advanced Persistent Threat
7%
ATM Asynchronous Transfer Mode
7%
AAAA Authentication, Authorization, Accounting and Auditing
7%
ARIN American Registry for Internet Numbers
0%
ASCII American Standard Code for Information Exchange
0%
APC Angle Polished Connector
0%
ASP Application Service Provider
0%
ASIC Application Specific Integrated Circuit
0%
Auto-MDIX Automatic Medium-Dependent Interface Crossover
0%
BERT Bit-Error Rate Test
0%
BLE Bluetooth Low Energy
0%
BCP Business Continuity Plan
0%
No matching quizzes found
Score Distribution
Percent of People with Each Score
Percentile by Number Answered
Your Score History
You have not taken this quiz